=LDR 00000nam 2200000 4500 =001 INLIS000000000042009 =005 20210312084341 =035 ##$$a 0010-061300000042009 =008 210312################g##########0#ind## =041 ##$$a ind =082 ##$$a 338.1 =090 ##$$a 338.1, Kar p =100 1#$$a Kartasapoetra =245 1#$$a Pengantar ekonomi produksi pertanian /$c Ir. A.G. Karatasapoetra =260 ##$$a Jakarta :$b Bina Aksara,$c 1988 =300 ##$$a x,168 hlm ; $c 23 x 15 cm =650 #4$$a Ekonomi pertanian =850 ##$$a NBPNMAT =084 ##$$a 338.1 KAR p =250 ##$$a cet.1 =990 ##$$a 51200552